00000000nam##2200000za#4500
0019.612688
003CaOODSP
00520211126112846
007ta
008150406|1995||||xxc|||||     f|0| 0 eng|d
020 |a0-662-24017-0
022 |a1192-5434
040 |aCaOODSP|beng
043 |an-cn---
0861 |aFB3-2/95-12E
1102 |aBank of Canada.
24514|aThe empirical performance of alternative monetary and liquidity aggregates / |cby Joseph Atta-Mensah.
260 |aOttawa - Ontario : |bBank of Canada |c1995.
300 |aiii, 38p. : |bgraphs, references, tables ; |c28 cm.
4901 |aWorking paper|x1192-5434|v95-12
500 |aContents: Introduction and summary.--Definition of the proposed monetary aggregates.--Estimation of the indicator models and information content.--Demand-for-money functions.--Performance of the aggregates in a P model of inflation.--Conclusions.--References.
546 |aRésumés en français
563 |aSoftcover
590 |a96-04|b1996-01-26
69007|aCurrency|2gcpds
7201 |aAtta-Mensah, Joseph
7760#|tThe empirical performance of alternative monetary and liquidity aggregates / |w(CaOODSP)9.571631
830#0|aWorking paper,|x1192-5434|v95-12|w(CaOODSP)9.514622